000
00321nam a22001337a 4500
003
SGT
082
_a
617.6342
_b
R14C
100
_a
CHAUHAN, LATIKA
245
_a
REGENERATIVE ENDODONTICS
260
_a
DELHI NCR
_b
SGT UNIVERSITY GURUGRAM
_c
2014
300
_a
1-77
650
_a
CONSERVATIVE DENTISTRY
942
_2
ddc
_c
TH
999
_c
18928
_d
18928